Génesis del movimiento separatista en los Altos de Guatemala: 1806-1829 /

Sin resumen

সংরক্ষণ করুন:
গ্রন্থ-পঞ্জীর বিবরন
প্রধান লেখক: Taracena Arriola, Arturo
বিন্যাস: পাঠ‍্য
বিষয়গুলি:
ট্যাগগুলো: ট্যাগ যুক্ত করুন
কোনো ট্যাগ নেই, প্রথমজন হিসাবে ট্যাগ করুন!

MARC

LEADER 00000 a a2200000 04500
001 15586
003
040
100 |a Taracena Arriola, Arturo  
245 |a Génesis del movimiento separatista en los Altos de Guatemala: 1806-1829 /  |c Arturo Taracena Arriola 
520 |a Sin resumen  
650 |a MOVIMIENTOS SOCIALES  
650 |a AMERINDIOS  
650 |a CONDICIONES DE VIDA  
650 |a SISTEMAS POLITICOS  
650 |a ESTADO  
650 |a ASPECTOS SOCIALES  
650 |a PODER POLITICO  
650 |a LIBERALISMO  
650 |a MILITARISMO  
650 |a DICTADURA  
650 |a ELECCIONES  
773 |g número 29; páginas 7-60  
999 |c 37891  |d 37891